000 01259nam0a22002771 4500
001 rc\3439685
005 20130115142409.6
021 _aRU
_b[69-41648ж]
035 _a(NLR Aleph) 007589709
090 _a5597919
_c5597920
100 _a20130115d1969 |||y0rusy50 ca
101 0 _arus
102 _aRU
105 _aab z |||||
200 1 _aГеология месторождений пьезооптического сырья
_eСинтез минералов и эксперим. исследования
_e[Сборник статей
_fРед. коллегия: В.П. Бутузов (отв. ред.) и др.]
210 _aМосква
_cНедра
_d1969
215 _a191 с., 1 л. граф.
_cил., карт.
_d26
225 1 _aМинистерство геологии СССР. Всесоюзный научно-исследовательский институт синтеза минерального сырья. Труды
_vТ. 10
320 _aБиблиогр. в конце статей
606 _aПьезоэлектрическое сырье
_jСборники
_2psbo
702 1 _aБутузов
_bВ. П.
_4340
801 0 _aRU
_bNLR
_gpsbo
801 1 _aRU
_bELAR
_2rusmarc
852 _aNLR
_jП7/714
942 _cBOOK
980 _aNB